Langues les plus parlées en Australie - Statistiques

Statistiques générales
  • Ce quiz a été pris 73 fois
  • Le résultat moyen est 10 sur 18
Statistiques - réponses
Hint Réponse % Correct
~95% Anglais
98%
0.5% Espagnol
92%
1.6% Mandarin
92%
0.3% Français
91%
0.4% Allemand
86%
1.4% Italien
81%
1.3% Arabe
75%
0.5% Hindi
61%
1.2% Grec
52%
0.4% Coréen
48%
0.3% Bahasa Indonésien
47%
0.3% Turc
41%
1.1% Vietnamien
39%
0.4% Tagalog
36%
1.2% Cantonais
30%
0.3% Croate
13%
0.3% Macédonien
8%
0.3% Punjabi
3%
Aucun quiz correspondant
Distribution des résultats
% des personnes avec chaque résultat
Percentile par nombre de réponses
Votre historique - résultats
Vous n’avez pas pris ce quiz